El amor loco / (Record no. 2497)

MARC details
000 -CABECERA
campo de control de longitud fija 00571nam a2200205 a 4500
005 - FECHA Y HORA DE LA ÚLTIMA TRANSACCIÓN
campo de control 20230421063521.0
008 - ELEMENTOS DE LONGITUD FIJA--INFORMACIÓN GENERAL
campo de control de longitud fija 991125s1978 mx 000 0 spa u
020 ## - NÚMERO INTERNACIONAL NORMALIZADO PARA LIBROS
Número Internacional Estándar del Libro 9682700329
035 ## - NÚMERO DE CONTROL DEL SISTEMA
Número de control de sistema UPN01000002497
049 ## - COLECCIÓN
Colección CG
050 #4 - SIGNATURA TOPOGRÁFICA DE LA BIBLIOTECA DEL CONGRESO
Número de clasificación PQ2603 R35
Número de documento/Ítem A5.28 1978
100 1# - ASIENTO PRINCIPAL--NOMBRE PERSONAL
Nombre de persona Breton, André,
Fechas asociadas al nombre 1896-1966
245 13 - MENCIÓN DE TÍTULO
Título El amor loco /
Mención de responsabilidad, etc. André Breton ; tr. Agustín Bartra.
250 ## - MENCIÓN DE EDICIÓN
Mención de edición 3a ed.
260 ## - PUBLICACIÓN, DISTRIBUCIÓN, ETC.
Lugar de publicación, distribución, etc. México :
Nombre del editor, distribuidor, etc. J. Mortiz,
Fecha de publicación, distribución, etc. 1978.
300 ## - DESCRIPCIÓN FÍSICA
Extensión 123 p. :
Otras características físicas il.
650 #2 - ASIENTO SECUNDARIO DE MATERIA - TERMINO TEMATICO
Término de materia o nombre geográfico como elemento de entrada Literatura francesa
Subdivisión cronológica Siglo XX
9 (RLIN) 19804
650 #4 - ASIENTO SECUNDARIO DE MATERIA - TERMINO TEMATICO
Término de materia o nombre geográfico como elemento de entrada SURREALISMO
9 (RLIN) 14197
905 ## - TIPO DE MATERIAL
Tipo de material Libro
Holdings
Estado de retiro Estado de pérdida Fuente del sistema de clasificación o colocación Estado dañado No para préstamo Código de colección Localización permanente Ubicación/localización actual Ubicación en estantería Total de préstamos Clasificación Código de barras Fecha visto por última vez Número de copia Tipo de ítem Koha
    Library of Congress Classification     Colección General Bib. Gregorio Torres Quintero Bib. Gregorio Torres Quintero Planta baja 11 PQ2603 R35 A5.28 1978 114466 31/12/2020 1 Libro